ARENA: la difícil conciliación de lo económico y lo social

Zapisane w:
Opis bibliograficzny
Format: Texto
Hasła przedmiotowe:
Etykiety: Dodaj etykietę
Nie ma etykietki, Dołącz pierwszą etykiete!

MARC

LEADER 00000 a a2200000 04500
001 6285
003
040
245 |a ARENA:   |b la difícil conciliación de lo económico y lo social  
650 |a CAMBIO ECONOMICO  
650 |a CAMBIO SOCIAL  
650 |a ANALISIS COMPARATIVO  
650 |a ANALISIS POLITICO  
773 |g volumen 19, número 856; páginas 2-3  
999 |c 31171  |d 31171